Normal view
MARC view
Entry Personal Name
001 - CONTROL NUMBER
- control field: 6546
003 - CONTROL NUMBER IDENTIFIER
- control field: BD-RjUL
005 - DATE AND TIME OF LATEST TRANSACTION
- control field: 20230112150523.0
008 - FIXED-LENGTH DATA ELEMENTS
- fixed length control field: 230112|| aca||aabn | a|a d
040 ## - CATALOGING SOURCE
- Original cataloging agency: BD-RjUL
- Transcribing agency: BD-RjUL
100 ## - HEADING--PERSONAL NAME
- Personal name: Hamid, Sharmin
670 ## - SOURCE DATA FOUND
- Source citation: Work cat.: (BD-RjUL)81059: Hamid, Sharmin, Moral precepts in Islam and Hinduism :, 2014